[Event "zonal 1.4"]
[Site "Krynica-Zdroj POL"]
[Date "1998.09.02"]
[Round "1"]
[White "Hracek, Zbynek"]
[Black "Marin, Mihail"]
[Result "1/2-1/2"]
[WhiteElo "2615"]
[BlackElo "2530"]
[EventDate "1998.09.02"]
[PlyCount "38"]

1.e4 d6 2.d4 Nf6 3.Nc3 g6 4.Be3 c6 5.h3 Bg7 6.f4 Qb6 7.Qc1 Nh5 8.Nge2 f5 
9.e5 O-O 10.Rg1 g5 11.g3 Na6 12.Bg2 c5 13.fxg5 cxd4 14.Bxd4 Qa5 15.exd6 
Bxd4 16.Nxd4 Qe5+ 17.Nde2 f4 18.dxe7 Qxe7 19.Nd5 Qc5 1/2-1/2

[Event "zonal 1.4"]
[Site "Krynica-Zdroj POL"]
[Date "1998.09.02"]
[Round "1"]
[White "Wojtkiewicz, Aleksander"]
[Black "Markowski, Tomasz"]
[Result "1/2-1/2"]
[WhiteElo "2595"]
[BlackElo "2525"]
[EventDate "1998.09.02"]
[PlyCount "53"]

1.Nf3 c5 2.c4 g6 3.e4 Bg7 4.d4 Qb6 5.dxc5 Qxc5 6.Nfd2 d6 7.Be2 Qc7 8.O-O 
Nc6 9.Nb3 b6 10.f3 Be6 11.Na3 Rc8 12.Rb1 Nf6 13.Be3 O-O 14.Qd2 Nd7 15.Rbc1
a6 16.Kh1 Nc5 17.Nd4 Nxd4 18.Bxd4 Bxd4 19.Qxd4 Nd7 20.Qd2 Qb7 21.b3 Nf6 
22.Nc2 Bd7 23.Ne3 Rfd8 24.Nd5 Nxd5 25.exd5 e5 26.dxe6 Bxe6 27.f4 1/2-1/2

[Event "zonal 1.4"]
[Site "Krynica-Zdroj POL"]
[Date "1998.09.02"]
[Round "1"]
[White "Vokac, Marek"]
[Black "Ftacnik, Lubomir"]
[Result "1/2-1/2"]
[WhiteElo "2525"]
[BlackElo "2585"]
[EventDate "1998.09.02"]
[PlyCount "54"]

1.e4 d6 2.d4 Nf6 3.f3 e5 4.dxe5 dxe5 5.Qxd8+ Kxd8 6.Bc4 Ke8 7.Be3 c6 8.Nd2
Nbd7 9.Nh3 Bc5 10.Ke2 Ke7 11.Rhd1 Ne8 12.Nf2 Nd6 13.Bb3 b6 14.Nd3 Ba6 15.
Nf1 Rhd8 16.Kf2 Bxe3+ 17.Nxe3 g6 18.Rd2 Bxd3 19.Rxd3 a5 20.c3 Nc5 21.Rdd1 
a4 22.Bc2 a3 23.b4 Na4 24.Bxa4 Rxa4 25.Ke2 Ra7 26.Rd3 b5 27.Rad1 Rad7 
1/2-1/2

[Event "zonal 1.4"]
[Site "Krynica-Zdroj POL"]
[Date "1998.09.02"]
[Round "1"]
[White "Groszpeter, Attila"]
[Black "Nisipeanu, Liviu-Dieter"]
[Result "1/2-1/2"]
[WhiteElo "2505"]
[BlackElo "2575"]
[EventDate "1998.09.02"]
[PlyCount "48"]

1.e4 c5 2.Nf3 d6 3.d4 cxd4 4.Nxd4 Nf6 5.Nc3 a6 6.Bg5 e6 7.f4 Qc7 8.Bxf6 
gxf6 9.Qd2 h5 10.O-O-O b5 11.Kb1 Nd7 12.f5 b4 13.fxe6 bxc3 14.exd7+ Bxd7 
15.Qxc3 Qxc3 16.bxc3 Rg8 17.g3 Rg5 18.Bc4 Rc5 19.Bb3 a5 20.Rd3 a4 21.Bd5 
Rb8+ 22.Ka1 f5 23.Rb1 Rxb1+ 24.Kxb1 fxe4 1/2-1/2

[Event "zonal 1.4"]
[Site "Krynica-Zdroj POL"]
[Date "1998.09.02"]
[Round "1"]
[White "Kempinski, Robert"]
[Black "Acs, Peter"]
[Result "1-0"]
[WhiteElo "2545"]
[BlackElo "2500"]
[EventDate "1998.09.02"]
[PlyCount "59"]

1.d4 Nf6 2.c4 e6 3.Nf3 d5 4.Nc3 dxc4 5.e4 Bb4 6.Bg5 c5 7.Bxc4 cxd4 8.Nxd4 
Bxc3+ 9.bxc3 Qa5 10.Bb5+ Bd7 11.Bxf6 gxf6 12.Qb3 a6 13.Be2 Nc6 14.O-O Qc7 
15.Qa3 Rc8 16.Rad1 Na5 17.Rd3 Qc5 18.Qc1 Rg8 19.g3 Nc4 20.Qh6 Ne5 21.Re3 
Ke7 22.f4 Nc6 23.Rd1 Qb6 24.e5 Rg6 25.Qxh7 fxe5 26.fxe5 Nxd4 27.cxd4 Be8 
28.Rb3 Qa7 29.Bh5 Rg5 30.Bf3 1-0

[Event "zonal 1.4"]
[Site "Krynica-Zdroj POL"]
[Date "1998.09.02"]
[Round "1"]
[White "Jansa, Vlastimil"]
[Black "Nevednichy, Vladislav"]
[Result "0-1"]
[WhiteElo "2490"]
[BlackElo "2545"]
[EventDate "1998.09.02"]
[PlyCount "50"]

1.e4 c5 2.Nf3 d6 3.d4 cxd4 4.Nxd4 Nf6 5.Nc3 Nc6 6.g3 g6 7.Nde2 Bg7 8.Bg2 
O-O 9.h3 Rb8 10.a4 a6 11.Nd5 b5 12.axb5 axb5 13.Be3 b4 14.Nd4 Nxd4 15.Bxd4
Nxd5 16.exd5 Bxd4 17.Qxd4 Bf5 18.Kd2 e5 19.dxe6 Bxe6 20.Rhd1 Rc8 21.Ke1 
Rxc2 22.Ra8 Qe7 23.Rxf8+ Qxf8 24.Ra1 Qg7 25.Ra8+ Bc8 0-1

[Event "zonal 1.4"]
[Site "Krynica-Zdroj POL"]
[Date "1998.09.02"]
[Round "1"]
[White "Gdanski, Jacek"]
[Black "Macieja, Bartlomiej"]
[Result "1/2-1/2"]
[WhiteElo "2540"]
[BlackElo "2490"]
[EventDate "1998.09.02"]
[PlyCount "92"]

1.e4 e5 2.Nf3 Nc6 3.Bb5 a6 4.Ba4 Nf6 5.O-O Bc5 6.Bxc6 dxc6 7.d3 Qe7 8.Be3 
Bg4 9.Nbd2 Nd7 10.a3 Bd6 11.h3 Bh5 12.c3 f6 13.b4 O-O 14.Qc2 Rfd8 15.Nh4 
Qe6 16.Nf5 Bg6 17.Ng3 Nf8 18.f4 exf4 19.Bxf4 Qd7 20.Bxd6 cxd6 21.d4 Re8 
22.Rae1 Re6 23.Qd1 Rae8 24.c4 Qc7 25.Kh2 a5 26.Qb3 axb4 27.axb4 Kh8 28.Rc1
R6e7 29.Qc3 c5 30.bxc5 dxc5 31.d5 Bxe4 32.Nxe4 Rxe4 33.Rce1 Rxe1 34.Rxe1 
Rxe1 35.Qxe1 g6 36.Kg1 Kg7 37.Ne4 Qe5 38.Qb1 b6 39.Kh1 f5 40.Nd2 Nd7 41.
Nf3 Qc3 42.Qb5 Nf6 43.Qxb6 Qc1+ 44.Kh2 Qf4+ 45.Kh1 Qc1+ 46.Kh2 Qf4+ 
1/2-1/2

[Event "zonal 1.4"]
[Site "Krynica-Zdroj POL"]
[Date "1998.09.02"]
[Round "1"]
[White "Stefanova, Antoaneta"]
[Black "Georgiev, Vladimir"]
[Result "1/2-1/2"]
[WhiteElo "2475"]
[BlackElo "2540"]
[EventDate "1998.09.02"]
[PlyCount "22"]

1.Nf3 Nf6 2.g3 c5 3.c4 Nc6 4.Bg2 g6 5.b3 Bg7 6.Bb2 O-O 7.O-O d6 8.d4 cxd4 
9.Nxd4 Bd7 10.Nc3 Nxd4 11.Qxd4 Bc6 1/2-1/2

[Event "zonal 1.4"]
[Site "Krynica-Zdroj POL"]
[Date "1998.09.02"]
[Round "1"]
[White "Horvath, Csaba"]
[Black "Mrva, Martin"]
[Result "1/2-1/2"]
[WhiteElo "2540"]
[BlackElo "2445"]
[EventDate "1998.09.02"]
[PlyCount "109"]

1.d4 Nf6 2.c4 g6 3.Nc3 Bg7 4.e4 d6 5.Be2 O-O 6.Bg5 c5 7.dxc5 dxc5 8.Qxd8 
Rxd8 9.e5 Nfd7 10.e6 Bxc3+ 11.bxc3 Nf6 12.exf7+ Kxf7 13.Be3 e5 14.Nf3 Nc6 
15.O-O Kg7 16.h3 Bf5 17.Rad1 b6 18.Rfe1 Bc2 19.Rd2 Rxd2 20.Nxd2 Rd8 21.g4 
Na5 22.Bf3 Bd3 23.g5 Ng8 24.Bd5 Ne7 25.Bf4 Nxd5 26.Bxe5+ Kf7 27.cxd5 Rxd5 
28.Bf6 Nc6 29.h4 Rd6 30.Re3 Bf5 31.Nf3 Rd1+ 32.Kg2 Be6 33.a3 c4 34.Kg3 Ra1
35.Nd4 Nxd4 36.cxd4 Rd1 37.Kf4 h5 38.Ke5 Rd3 39.Kd6 Rxe3 40.fxe3 Bd5 41.
Be5 c3 42.e4 Bxe4 43.d5 c2 44.Bf4 b5 45.Kc5 a6 46.Kd6 Ke8 47.Bc1 Bd3 48.
Bd2 a5 49.Bc1 Bf5 50.Kc5 Kd7 51.Kxb5 Kd6 52.Kc4 Ke5 53.Kc3 Kxd5 54.Bd2 a4 
55.Kb2 1/2-1/2

[Event "zonal 1.4"]
[Site "Krynica-Zdroj POL"]
[Date "1998.09.02"]
[Round "1"]
[White "Balogh, Tomas"]
[Black "Istratescu, Andrei"]
[Result "0-1"]
[WhiteElo "2425"]
[BlackElo "2540"]
[EventDate "1998.09.02"]
[PlyCount "72"]

1.d4 Nf6 2.Nf3 g6 3.g3 Bg7 4.Bg2 O-O 5.c4 d6 6.Nc3 Nc6 7.d5 Na5 8.Nd2 c5 
9.O-O Rb8 10.Qc2 e6 11.Rb1 exd5 12.cxd5 Re8 13.e4 Bd7 14.b3 b5 15.Bb2 b4 
16.Nd1 Bb5 17.Nc4 Nxc4 18.bxc4 Bd7 19.f3 a5 20.Nf2 a4 21.Nd3 Qa5 22.e5 
dxe5 23.Bxe5 Rbc8 24.g4 a3 25.Rbe1 Ba4 26.Qc1 Qa6 27.Nf2 Rxe5 28.Rxe5 Nd7 
29.Re4 Bb2 30.Qf4 b3 31.axb3 Bxb3 32.Re7 Qf6 33.Qe3 Bxc4 34.Rxd7 Bxf1 35.
Bxf1 a2 36.g5 Qf5 0-1

[Event "zonal 1.4"]
[Site "Krynica-Zdroj POL"]
[Date "1998.09.03"]
[Round "2"]
[White "Almasi, Zoltan"]
[Black "Chatalbashev, Boris"]
[Result "1-0"]
[WhiteElo "2650"]
[BlackElo "2535"]
[EventDate "1998.09.02"]
[PlyCount "89"]

1.e4 c5 2.Nf3 Nc6 3.d4 cxd4 4.Nxd4 g6 5.c4 Bg7 6.Be3 Nf6 7.Nc3 Ng4 8.Qxg4 
Nxd4 9.Qd1 e5 10.Bd3 O-O 11.O-O d6 12.Nb5 Nxb5 13.cxb5 d5 14.exd5 Qxd5 15.
f3 Be6 16.Qe2 Qd7 17.Rfd1 Qe7 18.a4 Rfd8 19.a5 Qb4 20.Rdc1 Rd7 21.Bc5 Qh4 
22.Bc4 Bxc4 23.Rxc4 Qd8 24.Be3 a6 25.b6 h5 26.Rac1 Rd3 27.Bg5 Qd7 28.h3 
Rb8 29.Kh1 Rd5 30.Rc5 Rxc5 31.Rxc5 Rc8 32.Qd2 Qf5 33.Rc7 Re8 34.Be3 e4 35.
f4 Bf6 36.Rxb7 Rd8 37.Qe2 Qxa5 38.Kh2 Qd5 39.Rc7 Kg7 40.b7 Rb8 41.Qxa6 Bd4
42.Bxd4+ Qxd4 43.Qc6 Qf6 44.Qxe4 Qxb2 45.Qd5 1-0

[Event "zonal 1.4"]
[Site "Krynica-Zdroj POL"]
[Date "1998.09.03"]
[Round "2"]
[White "Marin, Mihail"]
[Black "Wojtkiewicz, Aleksander"]
[Result "1/2-1/2"]
[WhiteElo "2530"]
[BlackElo "2595"]
[EventDate "1998.09.02"]
[PlyCount "69"]

1.c4 g6 2.d4 Bg7 3.g3 Nf6 4.Bg2 O-O 5.Nf3 d5 6.O-O dxc4 7.Na3 Nc6 8.Nxc4 
Be6 9.b3 Bd5 10.Bb2 a5 11.Rc1 a4 12.bxa4 Nd7 13.e3 Bxc4 14.Rxc4 Nb6 15.Rc1
Rxa4 16.a3 Qa8 17.Nd2 Rd8 18.Qb3 Ra6 19.Ne4 Na4 20.Nc5 Nxc5 21.Rxc5 Na5 
22.Qc2 c6 23.Bc3 e6 24.Rb1 Bf8 25.Rxa5 Rxa5 26.Bxa5 Qxa5 27.Rxb7 c5 28.Qd3
cxd4 29.exd4 Qxa3 30.Qxa3 Bxa3 31.Ra7 Bb2 32.Ra8 Rxa8 33.Bxa8 Bxd4 34.Kg2 
Kg7 35.f4 1/2-1/2

[Event "zonal 1.4"]
[Site "Krynica-Zdroj POL"]
[Date "1998.09.03"]
[Round "2"]
[White "Spasov, Vasil"]
[Black "Kaminski, Marcin"]
[Result "1-0"]
[WhiteElo "2595"]
[BlackElo "2530"]
[EventDate "1998.09.02"]
[PlyCount "157"]

1.e4 e6 2.d4 d5 3.Nd2 c5 4.Ngf3 Nf6 5.exd5 exd5 6.Bb5+ Bd7 7.Bxd7+ Nbxd7 
8.O-O Be7 9.dxc5 Nxc5 10.Nb3 Nce4 11.Nbd4 O-O 12.Nf5 Bc5 13.Be3 Bxe3 14.
Nxe3 Qb6 15.Qd4 Qxd4 16.Nxd4 Nd2 17.Rfe1 Nc4 18.b3 Nxe3 19.Rxe3 Rfe8 20.
Rxe8+ Rxe8 21.f3 Kf8 22.Kf2 g6 23.g4 a6 24.Rd1 h5 25.h3 hxg4 26.hxg4 Re5 
27.Ne2 Ke7 28.Rd4 Ne8 29.Nc3 Nf6 30.Rb4 b5 31.a4 d4 32.Ne2 Rc5 33.axb5 
Rxc2 34.bxa6 d3 35.a7 d2 36.Rd4 Ra2 37.Rxd2 Rxa7 38.Nd4 Rb7 39.Nc6+ Kf8 
40.Rd3 Rb6 41.Rd8+ Kg7 42.Nd4 Nh7 43.Ke3 Ng5 44.Rc8 Ne6 45.Nxe6+ fxe6 46.
Rc3 Kf6 47.Kd4 e5+ 48.Kd5 Rb8 49.Re3 Rd8+ 50.Kc4 Rc8+ 51.Kd3 Rb8 52.Kc3 
Rc8+ 53.Kb2 Rb8 54.Re4 g5 55.Rc4 Ke6 56.Rc6+ Kd5 57.Rg6 Kd4 58.Rxg5 Re8 
59.b4 Kc4 60.Kc2 Rh8 61.Rxe5 Rh2+ 62.Kd1 Rf2 63.Rf5 Kd3 64.Ke1 Rb2 65.b5 
Kd4 66.Kd1 Rf2 67.b6 Rb2 68.Rg5 Rxb6 69.Rf5 Rb2 70.g5 Ke3 71.f4 Kd3 72.Kc1
Rc2+ 73.Kb1 Rg2 74.Rf6 Kc3 75.g6 Rg1+ 76.Ka2 Rg2+ 77.Ka3 Rg1 78.Ka4 Kc4 
79.Ka5 1-0

[Event "zonal 1.4"]
[Site "Krynica-Zdroj POL"]
[Date "1998.09.03"]
[Round "2"]
[White "Nevednichy, Vladislav"]
[Black "Babula, Vlastimil"]
[Result "1/2-1/2"]
[WhiteElo "2545"]
[BlackElo "2575"]
[EventDate "1998.09.02"]
[PlyCount "81"]

1.e4 c5 2.Nf3 Nc6 3.Bb5 d6 4.Bxc6+ bxc6 5.O-O Bg4 6.d3 e5 7.Nbd2 Nf6 8.h3 
Bh5 9.c3 Be7 10.Re1 O-O 11.Nf1 Ne8 12.g4 Bg6 13.Ng3 Nc7 14.d4 cxd4 15.cxd4
f6 16.Be3 c5 17.dxc5 dxc5 18.Nh4 Bf7 19.Nhf5 Ne6 20.Rc1 Nd4 21.b3 a5 22.h4
a4 23.bxa4 Bxa2 24.Nxe7+ Qxe7 25.Nf5 Qa7 26.g5 Qxa4 27.Rxc5 Nxf5 28.Qxa4 
Rxa4 29.exf5 Rxh4 30.Ra1 Bf7 31.Ra7 fxg5 32.Rxe5 h6 33.Ree7 Rc4 34.Red7 
Rcc8 35.Bb6 Rc1+ 36.Kh2 Rc6 37.Bd8 Rc8 38.Bb6 Rc6 39.Bd4 Rcc8 40.f6 gxf6 
41.Bxf6 1/2-1/2

[Event "zonal 1.4"]
[Site "Krynica-Zdroj POL"]
[Date "1998.09.03"]
[Round "2"]
[White "Ftacnik, Lubomir"]
[Black "Badea, Bela"]
[Result "1-0"]
[WhiteElo "2585"]
[BlackElo "2530"]
[EventDate "1998.09.02"]
[PlyCount "73"]

1.d4 g6 2.c4 Bg7 3.Nc3 d6 4.e4 e5 5.Nf3 exd4 6.Nxd4 Nc6 7.Be3 Nge7 8.h4 h6
9.Qd2 Ne5 10.Be2 Ng4 11.Bxg4 Bxg4 12.f3 Bd7 13.Rd1 b6 14.Kf2 a6 15.Nde2 
Nc6 16.Nd5 Ne5 17.b3 f5 18.exf5 Bxf5 19.Nd4 Bd7 20.Kg1 b5 21.h5 g5 22.f4 
gxf4 23.Nxf4 Rg8 24.Rf1 Rf8 25.Re1 Rg8 26.Ng6 c5 27.Nf3 Bc6 28.Nfxe5 dxe5 
29.Bxh6 Qxd2 30.Bxd2 Kd7 31.Be3 bxc4 32.bxc4 Rab8 33.Rh2 Rb4 34.Rd1+ Ke8 
35.Bg5 Be4 36.Ne7 Rf8 37.Nc8 1-0

[Event "zonal 1.4"]
[Site "Krynica-Zdroj POL"]
[Date "1998.09.03"]
[Round "2"]
[White "Nisipeanu, Liviu-Dieter"]
[Black "Vokac, Marek"]
[Result "1/2-1/2"]
[WhiteElo "2575"]
[BlackElo "2525"]
[EventDate "1998.09.02"]
[PlyCount "96"]

1.e4 c5 2.Nf3 d6 3.d4 cxd4 4.Nxd4 Nf6 5.Nc3 a6 6.a4 Nc6 7.Be2 e5 8.Nb3 Be6
9.O-O Be7 10.f4 exf4 11.Bxf4 O-O 12.Kh1 Rc8 13.Qe1 Nd7 14.Rd1 Nde5 15.Nd5 
Bg5 16.Bg3 Bxd5 17.exd5 Ne7 18.Bxe5 dxe5 19.d6 Ng6 20.Na5 Rxc2 21.Bd3 Rxb2
22.Qc3 Rb6 23.Bxg6 hxg6 24.Qxe5 Bf6 25.Qc5 Rb2 26.Nc4 Rc2 27.d7 b5 28.axb5
axb5 29.Qxb5 Qa8 30.Ne3 Rb2 31.Qd5 Qd8 32.Ng4 Rb8 33.Nxf6+ gxf6 34.Rfe1 
Kg7 35.h3 Qc7 36.Re7 Qf4 37.Rde1 Qa4 38.Qd6 Qb5 39.Kh2 Rbd8 40.R1e3 Ra8 
41.Rf3 Qb8 42.Qxb8 Rfxb8 43.Rc3 Rd8 44.Rc7 f5 45.Re2 Rab8 46.Re1 Ra8 47.
Kg1 Rab8 48.Kf1 Ra8 1/2-1/2

[Event "zonal 1.4"]
[Site "Krynica-Zdroj POL"]
[Date "1998.09.03"]
[Round "2"]
[White "Istratescu, Andrei"]
[Black "Kempinski, Robert"]
[Result "1/2-1/2"]
[WhiteElo "2540"]
[BlackElo "2545"]
[EventDate "1998.09.02"]
[PlyCount "63"]

1.d4 Nf6 2.c4 g6 3.Nc3 Bg7 4.e4 O-O 5.Be3 d6 6.f3 Nbd7 7.Nh3 c5 8.Nf2 cxd4
9.Bxd4 Ne5 10.Qd2 Qa5 11.Rc1 Be6 12.b3 a6 13.Be2 Rfb8 14.f4 Nc6 15.Be3 b5 
16.Nd5 Qxd2+ 17.Kxd2 bxc4 18.Nc7 Nb4 19.Nxa8 Rxa8 20.bxc4 Nxa2 21.Ra1 Nb4 
22.Ra4 Nc6 23.c5 dxc5 24.Bxc5 a5 25.Bb5 Rd8+ 26.Ke3 Nd7 27.Ba3 Ndb8 28.Bc4
Bd4+ 29.Ke2 Bd7 30.Rd1 Bb6 31.Bb3 Nb4 32.Bxb4 1/2-1/2

[Event "zonal 1.4"]
[Site "Krynica-Zdroj POL"]
[Date "1998.09.03"]
[Round "2"]
[White "Macieja, Bartlomiej"]
[Black "Horvath, Csaba"]
[Result "1-0"]
[WhiteElo "2490"]
[BlackElo "2540"]
[EventDate "1998.09.02"]
[PlyCount "83"]

1.e4 e6 2.d4 d5 3.Nc3 Nf6 4.e5 Nfd7 5.f4 c5 6.Nf3 Nc6 7.Be3 a6 8.Qd2 b5 9.
dxc5 Bxc5 10.Bxc5 Nxc5 11.Qf2 Qb6 12.Bd3 b4 13.Ne2 a5 14.O-O Ba6 15.Kh1 
Ne7 16.Rad1 Na4 17.Qxb6 Nxb6 18.b3 O-O 19.Bxa6 Rxa6 20.a3 Nd7 21.Ra1 Raa8 
22.Ra2 Nc5 23.Rfa1 Rac8 24.axb4 axb4 25.Ned4 g6 26.Ra5 Nf5 27.Rb5 Ne4 28.
Rxb4 Ne3 29.Ne1 f6 30.Nxe6 fxe5 31.Nxf8 Rxf8 32.Rb7 Nc5 33.Re7 e4 34.b4 
Nf5 35.Re5 Nd7 36.Rxd5 Nb6 37.Re5 e3 38.g4 Nd6 39.Rxe3 Rxf4 40.h3 Rxb4 41.
Rb3 Rxb3 42.cxb3 1-0

[Event "zonal 1.4"]
[Site "Krynica-Zdroj POL"]
[Date "1998.09.03"]
[Round "2"]
[White "Blatny, Pavel"]
[Black "Stefanova, Antoaneta"]
[Result "0-1"]
[WhiteElo "2520"]
[BlackElo "2475"]
[EventDate "1998.09.02"]
[PlyCount "102"]

1.c4 b6 2.e4 Bb7 3.Nc3 e5 4.Nf3 Nf6 5.Nxe5 Qe7 6.Ng4 Nxe4 7.Ne3 Qh4 8.Qe2 
Bc5 9.g3 Nxc3 10.dxc3 Qe7 11.Nd5 Qxe2+ 12.Bxe2 Bd6 13.Bf4 Bxf4 14.gxf4 Na6
15.Rg1 c6 16.Ne3 g6 17.f5 O-O-O 18.O-O-O Rhe8 19.Bf3 Nc7 20.h4 Rg8 21.Ng4 
Ne8 22.Rge1 Kc7 23.Nh6 Rf8 24.Re7 Nd6 25.f6 Rde8 26.Rde1 Rxe7 27.Rxe7 Ne8 
28.Rxf7 Rxf7 29.Nxf7 Nxf6 30.Kd2 d6 31.Ke3 Bc8 32.Nh6 Be6 33.b3 d5 34.cxd5
cxd5 35.Kd4 Kd6 36.b4 Ne8 37.Ng4 Nc7 38.Nf6 Nb5+ 39.Kd3 Bf5+ 40.Kd2 d4 41.
cxd4 Nxd4 42.Bd1 h5 43.Ke3 Nc6 44.b5 Ne7 45.Kf4 Bd3 46.a4 Nf5 47.Kg5 Nd4 
48.Kf4 Nf5 49.Kg5 Nd4 50.Ng8 Ke6 51.Nf6 Bb1 0-1

[Event "zonal 1.4"]
[Site "Krynica-Zdroj POL"]
[Date "1998.09.03"]
[Round "2"]
[White "Mrva, Martin"]
[Black "Gdanski, Jacek"]
[Result "1/2-1/2"]
[WhiteElo "2445"]
[BlackElo "2540"]
[EventDate "1998.09.02"]
[PlyCount "141"]

1.d4 d5 2.c4 e6 3.Nc3 c6 4.Nf3 Nf6 5.Bg5 Nbd7 6.e3 Qa5 7.Nd2 Bb4 8.Qc2 O-O
9.Be2 c5 10.O-O cxd4 11.Nb3 Qb6 12.exd4 dxc4 13.Bxc4 Bxc3 14.Qxc3 Ne4 15.
Qe3 Nxg5 16.Qxg5 Nf6 17.Rad1 Bd7 18.Rd3 h6 19.Qe5 Rfc8 20.Rg3 Qc7 21.Re1 
Qxe5 22.dxe5 Nh5 23.Rg4 g6 24.Na5 Rc7 25.Bb3 Bb5 26.Rb4 Ba6 27.g4 Ng7 28.
Bc4 Rac8 29.Bxa6 bxa6 30.b3 Rc2 31.a4 Ne8 32.Nc4 Nc7 33.Ne3 Rc5 34.Rc4 Nd5
35.Nxd5 exd5 36.Rd4 g5 37.Red1 Rb8 38.R1d3 Kf8 39.f4 gxf4 40.Rxf4 Re8 41.
Rf5 d4 42.Rxd4 Rexe5 43.Rxe5 Rxe5 44.Rd6 Rg5 45.Rxh6 Rxg4+ 46.Kf2 Rb4 47.
Rxa6 Rxb3 48.Rxa7 Rh3 49.Kg2 Ra3 50.Ra5 Kg7 51.Rg5+ Kf6 52.Rg4 Ke5 53.Rb4 
f5 54.h4 f4 55.h5 Kf5 56.h6 Kg6 57.Rb6+ Kh7 58.Ra6 Rg3+ 59.Kf1 Ra3 60.Ke2 
Re3+ 61.Kd2 Re8 62.Rf6 Ra8 63.Rxf4 Kxh6 64.Kc3 Kg5 65.Rd4 Kf6 66.Kb4 Ke7 
67.Kb5 Rd8 68.Rc4 Kd7 69.Ka6 Rb8 70.Rc5 Ra8+ 71.Kb5 1/2-1/2

[Event "zonal 1.4"]
[Site "Krynica-Zdroj POL"]
[Date "1998.09.03"]
[Round "2"]
[White "Acs, Peter"]
[Black "Balogh, Tomas"]
[Result "1-0"]
[WhiteElo "2500"]
[BlackElo "2425"]
[EventDate "1998.09.02"]
[PlyCount "59"]

1.e4 c6 2.d4 d5 3.exd5 cxd5 4.c4 Nf6 5.Nc3 e6 6.Nf3 Bb4 7.Bd3 dxc4 8.Bxc4 
O-O 9.O-O Nbd7 10.Bg5 h6 11.Bh4 Qa5 12.Re1 Bxc3 13.bxc3 b6 14.Ne5 Bb7 15.
Nxd7 Nxd7 16.Bd3 Rac8 17.c4 Kh8 18.Qg4 Qc3 19.Rad1 Rxc4 20.Bxc4 Qxc4 21.
Rc1 Qxa2 22.Rc7 Qd5 23.Qf3 Qa5 24.Qe3 Qd5 25.f3 Nb8 26.Qf4 f6 27.Qg4 Rg8 
28.Rxg7 Rxg7 29.Bxf6 Qd7 30.Rxe6 1-0

[Event "zonal 1.4"]
[Site "Krynica-Zdroj POL"]
[Date "1998.09.03"]
[Round "2"]
[White "Todorov, Todor"]
[Black "Jansa, Vlastimil"]
[Result "1-0"]
[WhiteElo "2420"]
[BlackElo "2490"]
[EventDate "1998.09.02"]
[PlyCount "107"]

1.e4 c5 2.Nf3 e6 3.b3 b6 4.d4 cxd4 5.Nxd4 Bb7 6.Nb5 a6 7.Nd6+ Bxd6 8.Qxd6 
Bxe4 9.Ba3 Nf6 10.Nd2 b5 11.c4 Nc6 12.cxb5 axb5 13.Bxb5 Bxg2 14.Rg1 Ne4 
15.Qxc6 Rxa3 16.Qc2 Nxd2 17.Qxd2 Bd5 18.O-O-O Qf6 19.Qb2 Ra5 20.a4 Qh6+ 
21.Kb1 O-O 22.Rd4 g6 23.f4 Qh3 24.Rg3 Qf5+ 25.Qc2 Qf6 26.Qd2 Raa8 27.Rc3 
Rfc8 28.Kb2 Rxc3 29.Qxc3 Qd8 30.Rd3 Rc8 31.Qd4 f5 32.h4 Qxh4 33.Bxd7 Rc7 
34.Bb5 Qe1 35.Rc3 Rxc3 36.Qxc3 Qxc3+ 37.Kxc3 Kf7 38.b4 Ke7 39.a5 Kd6 40.
Kd4 h5 41.Bf1 h4 42.b5 Bf3 43.a6 g5 44.fxg5 e5+ 45.Ke3 Bd5 46.g6 f4+ 47.
Kd2 e4 48.g7 Kc7 49.a7 Kb7 50.b6 e3+ 51.Ke2 h3 52.Kd3 f3 53.Bxh3 e2 54.Kd2
1-0

[Event "zonal 1.4"]
[Site "Krynica-Zdroj POL"]
[Date "1998.09.04"]
[Round "3"]
[White "Babula, Vlastimil"]
[Black "Istratescu, Andrei"]
[Result "1-0"]
[WhiteElo "2575"]
[BlackElo "2540"]
[EventDate "1998.09.02"]
[PlyCount "93"]

1.d4 g6 2.c4 Nf6 3.Nc3 Bg7 4.e4 O-O 5.Nf3 d6 6.Be2 e5 7.O-O Nc6 8.d5 Ne7 
9.b4 a5 10.Ba3 axb4 11.Bxb4 Nd7 12.a4 Bh6 13.a5 f5 14.Nd2 Nf6 15.c5 Bxd2 
16.Qxd2 Nxe4 17.Nxe4 fxe4 18.Bc3 Nf5 19.Ra4 Qh4 20.cxd6 cxd6 21.f4 e3 22.
Qd1 Bd7 23.Rb4 exf4 24.Rfxf4 Qg5 25.Rg4 Qe7 26.Rxb7 Rac8 27.Qd3 Rf7 28.a6 
Qf8 29.Rf4 Nh4 30.Rxf7 Qxf7 31.Qxe3 Qxd5 32.Bf1 Nf5 33.Qb6 Bc6 34.Rb8 Rxb8
35.Qxb8+ Kf7 36.Qb6 Qc5+ 37.Qxc5 dxc5 38.Kf2 Nd6 39.Ke3 Ke6 40.g4 h5 41.
gxh5 gxh5 42.Ba5 Bh1 43.a7 Ba8 44.Bc7 Kd7 45.Bxd6 Kxd6 46.Be2 Kc7 47.Bxh5 
1-0

[Event "zonal 1.4"]
[Site "Krynica-Zdroj POL"]
[Date "1998.09.06"]
[Round "3"]
[White "Chatalbashev, Boris"]
[Black "Nisipeanu, Liviu-Dieter"]
[Result "0-1"]
[WhiteElo "2535"]
[BlackElo "2575"]
[EventDate "1998.09.02"]
[PlyCount "90"]

1.d4 Nf6 2.c4 e6 3.Nf3 b6 4.e3 Bb7 5.Nc3 Bb4 6.Bd3 c5 7.O-O O-O 8.Na4 cxd4
9.exd4 Be7 10.a3 Bxf3 11.Qxf3 Nc6 12.d5 Ne5 13.Qe2 Qc7 14.Bf4 Bd6 15.Nc3 
Nf3+ 16.Qxf3 Bxf4 17.Qh3 Rad8 18.Rfe1 Be5 19.Ne4 h6 20.Nxf6+ Bxf6 21.Re2 
Qd6 22.Rae1 Bd4 23.Kh1 e5 24.a4 a5 25.b3 Qf6 26.Bc2 Qf4 27.Qf5 Qxf5 28.
Bxf5 g6 29.Bc2 f5 30.f3 h5 31.g3 h4 32.Kg2 Kg7 33.Rf1 Rh8 34.Rd1 d6 35.
Ree1 Bc5 36.Bd3 Rh5 37.g4 h3+ 38.Kh1 fxg4 39.fxg4 Rhh8 40.Rf1 Rdf8 41.g5 
Rxf1+ 42.Rxf1 Rh4 43.Rf6 e4 44.Be2 e3 45.Kg1 Rg4+ 0-1

[Event "zonal 1.4"]
[Site "Krynica-Zdroj POL"]
[Date "1998.09.04"]
[Round "3"]
[White "Kaminski, Marcin"]
[Black "Georgiev, Vladimir"]
[Result "1/2-1/2"]
[WhiteElo "2530"]
[BlackElo "2540"]
[EventDate "1998.09.02"]
[PlyCount "99"]

1.e4 c5 2.g3 Nc6 3.Bg2 g6 4.d3 Bg7 5.Nf3 Nf6 6.O-O O-O 7.c3 d6 8.Nbd2 Rb8 
9.d4 cxd4 10.cxd4 Qc7 11.a3 Bg4 12.d5 Ne5 13.h3 Bxf3 14.Nxf3 Nxf3+ 15.Qxf3
Nd7 16.Rb1 a5 17.Bg5 a4 18.Rfc1 Nc5 19.b4 axb3 20.Qxb3 b6 21.Bf1 Qa7 22.
Qb4 Ra8 23.Re1 Rfb8 24.Bb5 Qc7 25.Red1 Ra5 26.Kg2 Qa7 27.Bc1 Bf6 28.h4 h5 
29.Rd2 Rxb5 30.Qxb5 Nxe4 31.Rd3 Nc3 32.Rxc3 Bxc3 33.a4 Ra8 34.Bg5 Bd4 35.
Rb4 Bc5 36.Re4 f6 37.Qd3 Qa6 38.Qf3 Qb7 39.Re6 Qd7 40.Bxf6 exf6 41.Qe4 Kf7
42.Qf4 Qd8 43.g4 hxg4 44.h5 gxh5 45.Qe4 Qg8 46.Re7+ Kf8 47.Rh7 Re8 48.Qf5 
Re2 49.Qc8+ Re8 50.Qf5 1/2-1/2

[Event "zonal 1.4"]
[Site "Krynica-Zdroj POL"]
[Date "1998.09.04"]
[Round "3"]
[White "Gdanski, Jacek"]
[Black "Markowski, Tomasz"]
[Result "1/2-1/2"]
[WhiteElo "2540"]
[BlackElo "2525"]
[EventDate "1998.09.02"]
[PlyCount "44"]

1.e4 c5 2.Nf3 g6 3.d4 Bg7 4.d5 Nf6 5.Nc3 d6 6.Bb5+ Bd7 7.a4 O-O 8.O-O Na6 
9.Re1 Bxb5 10.Nxb5 Nc7 11.Na3 e6 12.Bg5 exd5 13.exd5 Qd7 14.Bxf6 Bxf6 15.
Nc4 Rfe8 16.Rxe8+ Rxe8 17.Qd3 Bg7 18.h3 b6 19.c3 Bf8 20.h4 Qg4 21.Rd1 Qe4 
22.Kf1 Qg4 1/2-1/2

[Event "zonal 1.4"]
[Site "Krynica-Zdroj POL"]
[Date "1998.09.05"]
[Round "3"]
[White "Wojtkiewicz, Aleksander"]
[Black "Mrva, Martin"]
[Result "1-0"]
[WhiteElo "2595"]
[BlackElo "2445"]
[EventDate "1998.09.02"]
[PlyCount "69"]

1.Nf3 Nf6 2.c4 g6 3.g3 Bg7 4.Bg2 O-O 5.d4 d6 6.O-O Bg4 7.Nc3 Qc8 8.Ne1 Nc6
9.Nc2 e5 10.d5 Na5 11.b3 b6 12.f3 Bd7 13.e4 Nh5 14.Bd2 a6 15.Qe2 Nb7 16.b4
Qe8 17.a3 f5 18.Ne1 Bf6 19.Bh3 Ng7 20.Ng2 Qe7 21.f4 g5 22.fxg5 Bxg5 23.
Bxg5 Qxg5 24.Nh4 a5 25.exf5 Bxf5 26.Bxf5 Nxf5 27.Rxf5 Rxf5 28.Ne4 axb4 29.
Nxg5 Rxg5 30.Qd2 Rg4 31.Nf5 Kh8 32.Qd1 Rxc4 33.axb4 Rf8 34.Qh5 Rxb4 35.Qg5
1-0

[Event "zonal 1.4"]
[Site "Krynica-Zdroj POL"]
[Date "1998.09.04"]
[Round "3"]
[White "Hracek, Zbynek"]
[Black "Acs, Peter"]
[Result "0-1"]
[WhiteElo "2545"]
[BlackElo "2490"]
[EventDate "1998.09.02"]
[PlyCount "132"]

1.e4 e5 2.Nf3 Nc6 3.Bb5 a6 4.Ba4 Nf6 5.O-O Be7 6.Re1 b5 7.Bb3 d6 8.c3 O-O 
9.h3 Nb8 10.d4 Nbd7 11.Nbd2 Bb7 12.Bc2 Re8 13.a4 Bf8 14.Bd3 c6 15.Nf1 g6 
16.Ng3 Bg7 17.Bg5 Nf8 18.Qd2 Ne6 19.Be3 Nd7 20.Bf1 Qc7 21.Red1 Rad8 22.Qc2
Nb6 23.b3 exd4 24.cxd4 d5 25.e5 f6 26.exf6 Bxf6 27.axb5 axb5 28.h4 Nd7 29.
h5 Ndf8 30.hxg6 hxg6 31.Re1 Qg7 32.Qd2 Ra8 33.Rxa8 Rxa8 34.Bh6 Qh8 35.Bxf8
Nxf8 36.Qf4 Qg7 37.Bd3 Ra2 38.Nf1 Bc8 39.N1h2 Qf7 40.Ng4 Bxg4 41.Qxg4 Rb2 
42.Re3 Bg7 43.g3 Bh6 44.Re1 Rxb3 45.Ne5 Qe6 46.Qd1 Ra3 47.Qb1 Bd2 48.Re2 
Bc3 49.Kg2 Bxd4 50.Nxg6 Qf7 51.Ne7+ Kh8 52.Qh1+ Nh7 53.Bf5 Bc5 54.Qh4 Bxe7
55.Rxe7 Qxf5 56.Re8+ Kg7 57.Qe7+ Qf7 58.Qe5+ Qf6 59.Qc7+ Kh6 60.Re1 Qf3+ 
61.Kg1 Qf6 62.Kg2 Ng5 63.Qc8 Ra2 64.Rh1+ Kg7 65.Qh8+ Kf7 66.Qh5+ Qg6 0-1